000 01048nam0a22002771 4500
001 rc\2563324
005 20260406081229.0
035 _a(NLR Aleph) 006728209
090 _a5515873
_c5515873
100 _a20110914d1927 |||y0rusy50 ca
101 0 _arus
102 _aRU
105 _aa z |||||
200 1 _aЗанимательная арифметика
_eЗагадки и диковинки в мире чисел
_eС 16 рис.
_fЯ. И. Перельман
205 _a2-е изд.
210 _aЛенинград
_cВремя
_d1927
_g2-я тип. Транспечати НКПС им. т. Лоханкова
215 _a192 с.
_cил.
_d20х14 см.
300 _aОбложка и иллюстрации: Ю. Д. Скалдин
300 _aНа обл. дата: 1928
700 1 _8rus
_7ca
_aПерельман
_bЯ. И.
_gЯков Исидорович
_f1882-1942
_3RU\NLR\AUTH\7745475
_928413
801 0 _aRU
_bNLR
_gpsbo
801 1 _aRU
_bELAR
_2rusmarc
852 _aNLR
_j62/2341
942 _cBOOK
980 _aNB